Discrete multivariate distributions

Αποθηκεύτηκε σε:
Λεπτομέρειες βιβλιογραφικής εγγραφής
Κύριος συγγραφέας: Johnson, Norman Lloyd
Άλλοι συγγραφείς: Kotz, Samuel, Balakrishnan, N., 1956-
Μορφή: Βιβλίο
Γλώσσα:English
Δημοσίευση: New York : John-Wiley, c1997.
Σειρά:Wiley series in probability and statistics. Applied probability and statistics.
Θέματα:
Ετικέτες: Προσθήκη ετικέτας
Δεν υπάρχουν, Καταχωρήστε ετικέτα πρώτοι!

MARC

LEADER 00000cam a2200000 i 4500
001 1/1338
008 000417s1997 nyu| ||| |||| ||eng||
020 |a 0471128449 
035 |l 10059982 
040 |a GR-MyUa  |b gre  |e AACR2 
041 0 |a eng 
082 7 |a 519.24   |2 (22) 
100 1 |a Johnson, Norman Lloyd. 
245 1 0 |a Discrete multivariate distributions /   |c Norman L. Johnson, Samuel Kotz, N. Balakrishnan. 
260 |a New York :   |b John-Wiley,   |c c1997. 
300 |a xxii, 299 σ. :   |c 25 εκ. 
490 1 |a (Wiley series in probability and statistics. Applied probability and statistics) 
504 |a Περιλαμβάνει βιβλιογραφικές παραπομπές και ευρετήρια. 
650 0 0 |a Distribution (Probability theory) 
700 1 |a Kotz, Samuel. 
700 1 |a Balakrishnan, N.,   |d 1956- 
830 0 |a Wiley series in probability and statistics.   |p Applied probability and statistics. 
852 |a INST  |b SAMOS  |e 20000417  |h 519.24 JOH  |p 005300017639  |q 005300017639  |t BK  |y 0 
901 |a BIBL3-2000-1 
922 |a 3ΕΛΗ  |b 200003  |c ΚΠΣ  |d ΠΑΠΑΣΩΤΗΡΙΟΥ 
950 |a 116-1999-12-31 
970 |a ΚΟΣΙΕΡΗΣ  |b ΧΡΗΣΤΟΣ  |z 2000/04/21